000 00255nam a22001217a 4500
008 170310b xxu||||| |||| 00| 0 srb d
041 _asrb
080 _a616-002.77
100 _a7
101 _aSHM
245 _aOSTEOLOGJIA
_cSLJIVIC, B
942 _2udc
_cBK
999 _c7464
_d7464